00843nam a2200241 a 4500008004100000020001500041020001500056050001600071100002300087245002500110250001200135260003400147300002300181350000900204490004700213490003300260500004100293650002500334650001400359995008700373999001700460952012400477120416s1972 ||||||||||||||||| || u a008016854x a008016854X aHB 1951 Cla aClarke, John Innes10aPopulation geography a2nd ed. aOxford:bPergamon Pressc1972 axi, 176 p. illus.  a0.00 aThe Commonwealth and international library v Pergamon Oxford geographies aIncludes bibliographical references. aPopulation geography aGEOGRAPHY D0.00FCBU-MAIN LIBRARY (Kitwe)H1I2.75M1UAVAILABLEZAnnex Low-Usage Collection  c54021d54021 00102lcc4070a001b001cAnnex Low-Usage Collection d2022-11-30l0oHB 1951 Clap002588r2022-11-30w2022-11-30y002